Statistiques concernant Buteurs Barcelone LDC 2014/2015

Cliquez ici pour prendre le quiz!

Statistiques générales

  • Ce quiz a été pris 174 fois
  • Le résultat moyen est 5 sur 6

Statistiques - réponses

Nombre de butButeur% Correct
10Lionel Messi
100%
7Luis Suarez
99%
10Neymar Jr.
99%
1Gerard Pique
88%
2Ivan Rakitic
76%
1Sandro Ramirez
4%

Distribution des résultats

Percentile par nombre de réponses

% des personnes avec chaque résultat

Votre développement - résultats

Vous n’avez pas pris ce quiz